Los microprocesadores Intel: arquitectura, programación e interfaz de los procesadores 8086-8088, 80186-80188, 80286, 80386, 80486 Pentium, Pentium Pro y Pentium II

Saved in:
Bibliografiske detaljer
Hovedforfatter: Brey, Barry B (Author)
Format: Bog
Sprog:spansk
Udgivet: Ciudad de México Pearson Educación 2001
Udgivelse:5a. ed
Fag:
Tags: Tilføj Tag
Ingen Tags, Vær først til at tagge denne postø!

MARC

LEADER 00000nam a2200000 a 4500
001 UCM2391
003 CL-VaPUC
005 20230906124053.0
008 020510e20010000MX |||||||||||||||||spa|d
999 |c 300240  |d 300238 
040 |c Pontificia Universidad Católica de Valparaíso 
082 0 4 |a 004.165  |b BRE  |2 21 
100 0 |a Brey, Barry B  |e author  |9 469121 
245 1 4 |a Los microprocesadores Intel: arquitectura, programación e interfaz de los procesadores 8086-8088, 80186-80188, 80286, 80386, 80486 Pentium, Pentium Pro y Pentium II 
250 |a 5a. ed 
260 |a Ciudad de México  |b Pearson Educación  |c 2001 
300 |a 966 p 
583 |a last modification  |c 20020510 00:00:00  |k Rodrigo Vera 
650 7 |a Microprocesadores  |2 CL-VaPUC  |9 259881  |x Programación 
650 7 |a INTEL 8086-8088  |2 CL-VaPUC  |9 469122 
650 7 |a INTEL 80186-80188  |2 CL-VaPUC  |9 469123 
650 7 |a INTEL 80286  |2 CL-VaPUC  |9 469124 
650 7 |a INTEL 80386  |2 CL-VaPUC  |9 263250 
650 7 |a INTEL 80486  |2 CL-VaPUC  |9 469125 
942 |c BK  |2 ddc 
945 |d 20020510 00:00:00  |a vberengu 
952 |0 0  |1 0  |2 ddc  |4 0  |6 004_165000000000000_BRE_2001  |7 0  |8 A  |9 357756  |a BIBING  |b BIBING  |c RES  |d 2019-11-21  |i 3813797  |o 004.165 BRE 2001  |p 3813797  |r 2025-01-20  |w 2019-11-21  |y BK  |k CCI 
952 |0 0  |1 0  |2 ddc  |4 0  |6 004_165000000000000_BRE_2001  |7 0  |8 A  |9 357757  |a BIBING  |b BIBING  |c RES  |d 2019-11-21  |i 3813827  |o 004.165 BRE 2001  |p 3813827  |r 2025-01-20  |w 2019-11-21  |y BK  |k CCI 
952 |0 0  |1 0  |2 ddc  |4 0  |6 004_165000000000000_BRE_2001  |7 0  |8 A  |9 357758  |a BIBING  |b BIBING  |c RES  |d 2019-11-21  |i 3813800  |o 004.165 BRE 2001  |p 3813800  |r 2025-01-20  |w 2019-11-21  |y BK  |k CCI 
952 |0 0  |1 0  |2 ddc  |4 0  |6 004_165000000000000_BRE_2001  |7 0  |8 A  |9 357759  |a BIBING  |b BIBING  |c RES  |d 2019-11-21  |i 3813819  |o 004.165 BRE 2001  |p 3813819  |r 2025-01-20  |w 2019-11-21  |y BK  |k CCI 
952 |0 0  |1 0  |2 ddc  |4 0  |6 004_165000000000000_BRE_2001  |7 0  |8 A  |9 357760  |a BIBING  |b BIBING  |c RES  |d 2019-11-21  |i 3836592  |o 004.165 BRE 2001  |p 3836592  |r 2025-01-20  |w 2019-11-21  |y BK  |k EIE 
952 |0 0  |1 0  |2 ddc  |4 0  |6 004_165000000000000_BRE_2001  |7 0  |8 A  |9 357761  |a BIBING  |b BIBING  |c RES  |d 2019-11-21  |i 3836606  |o 004.165 BRE 2001  |p 3836606  |r 2025-01-20  |w 2019-11-21  |y BK  |k EIE 
952 |0 0  |1 0  |2 ddc  |4 0  |6 004_165000000000000_BRE_2001  |7 0  |8 A  |9 357762  |a BIBING  |b BIBING  |c RES  |d 2019-11-21  |i 3836614  |o 004.165 BRE 2001  |p 3836614  |r 2025-01-20  |w 2019-11-21  |y BK  |k EIE 
952 |0 0  |1 0  |2 ddc  |4 0  |6 004_165000000000000_BRE_2001  |7 0  |8 A  |9 357763  |a BIBING  |b BIBING  |c RES  |d 2019-11-21  |i 3836622  |o 004.165 BRE 2001  |p 3836622  |r 2025-01-20  |w 2019-11-21  |y BK  |k EIE 
952 |0 0  |1 0  |2 ddc  |4 0  |6 004_165000000000000_BRE_2001  |7 0  |8 A  |9 357764  |a BIBING  |b BIBING  |c RES  |d 2019-11-21  |i 3836630  |o 004.165 BRE 2001  |p 3836630  |r 2025-01-20  |w 2019-11-21  |y BK  |k EIE 
952 |0 0  |1 0  |2 ddc  |4 0  |6 004_165000000000000_BRE_2001  |7 0  |8 A  |9 357765  |a BIBING  |b BIBING  |c RES  |d 2019-11-21  |i 3836649  |o 004.165 BRE 2001  |p 3836649  |r 2025-01-20  |w 2019-11-21  |y BK  |k EIE 
952 |0 0  |1 0  |2 ddc  |4 0  |6 004_165000000000000_BRE_2001  |7 0  |8 A  |9 357766  |a BIBING  |b BIBING  |c RES  |d 2019-11-21  |i 3836657  |o 004.165 BRE 2001  |p 3836657  |r 2025-01-20  |w 2019-11-21  |y BK  |k EIE 
952 |0 0  |1 0  |2 ddc  |4 0  |6 004_165000000000000_BRE_2001  |7 0  |8 A  |9 357767  |a BIBING  |b BIBING  |c RES  |d 2019-11-21  |i 3836665  |o 004.165 BRE 2001  |p 3836665  |r 2025-01-20  |w 2019-11-21  |y BK  |k EIE 
952 |0 0  |1 0  |2 ddc  |4 0  |6 004_165000000000000_BRE_2001  |7 0  |8 A  |9 357768  |a BIBING  |b BIBING  |c RES  |d 2019-11-21  |i 3836673  |o 004.165 BRE 2001  |p 3836673  |r 2025-01-20  |w 2019-11-21  |y BK  |k EIE 
952 |0 0  |1 0  |2 ddc  |4 0  |6 004_165000000000000_BRE_2001  |7 0  |8 A  |9 357769  |a BIBING  |b BIBING  |c RES  |d 2019-11-21  |i 3836681  |o 004.165 BRE 2001  |p 3836681  |r 2025-01-20  |w 2019-11-21  |y BK  |k EIE 
952 |0 0  |1 0  |2 ddc  |4 0  |6 004_165000000000000_BRE_2001  |7 0  |8 A  |9 357770  |a BIBING  |b BIBING  |c RES  |d 2019-11-21  |i 383669K  |o 004.165 BRE 2001  |p 383669K  |r 2025-01-20  |w 2019-11-21  |y BK  |k EIE 
952 |0 0  |1 0  |2 ddc  |4 0  |6 004_165000000000000_BRE_2001  |7 0  |8 A  |9 357771  |a BIBING  |b BIBING  |c RES  |d 2019-11-21  |i 3836703  |o 004.165 BRE 2001  |p 3836703  |r 2025-01-20  |w 2019-11-21  |y BK  |k EIE 
952 |0 0  |1 0  |2 ddc  |4 0  |6 004_165000000000000_BRE_2001  |7 0  |8 A  |9 357772  |a BIBING  |b BIBING  |c RES  |d 2019-11-21  |i 3836711  |o 004.165 BRE 2001  |p 3836711  |r 2025-01-20  |w 2019-11-21  |y BK  |k EIE 
952 |0 0  |1 0  |2 ddc  |4 0  |6 004_165000000000000_BRE_2001  |7 0  |8 A  |9 357773  |a BIBING  |b BIBING  |c RES  |d 2019-11-21  |i 383672K  |o 004.165 BRE 2001  |p 383672K  |r 2025-01-20  |w 2019-11-21  |y BK  |k EIE 
952 |0 0  |1 0  |2 ddc  |4 0  |6 004_165000000000000_BRE_2001  |7 0  |8 A  |9 357774  |a BIBING  |b BIBING  |c RES  |d 2019-11-21  |i 3836738  |o 004.165 BRE 2001  |p 3836738  |r 2025-01-20  |w 2019-11-21  |y BK  |k EIE 
952 |0 0  |1 0  |2 ddc  |4 0  |6 004_165000000000000_BRE_2001  |7 0  |8 A  |9 357775  |a BIBING  |b BIBING  |c RES  |d 2019-11-21  |i 3858898  |o 004.165 BRE 2001  |p 3858898  |r 2025-01-20  |w 2019-11-21  |y BK  |k EIE